000 01973nam a2200493 i 4500
001 118479
003 FINmELB
005 20241217174953.0
006 m o d |
007 cr cnu||||||||
008 190610s2015 mx o 000 0 spa d
020 _z9786079426200
020 _a9781512953725
_q(e-book)
035 _a(OCoLC)1145084028
040 _aFINmELB
_bspa
_erda
_cFINmELB
050 4 _aLB3013.34.M6
_bP192 2015
080 _a37.06
082 0 _a371.7820972
_223
100 1 _aPaniagua Vázquez, Abraham.
245 1 0 _aPolíticas públicas y prevención del delito :
_buna aproximación a la violencia y el acoso escolar desde la perspectiva del actor: el caso de cuatro primarias públicas de Ciudad Juárez, Chihuahua, México (2014) /
_cAbraham Paniagua Vázquez, Ignacio Camargo González, José Eduardo Borunda Escobedo.
264 1 _aMéxico, D.F. :
_bEdiciones y Gráficos Eón,
_c2015.
300 _a1 recurso en línea (180 páginas)
336 _atexto
_btxt
_2rdacontent/spa
337 _acomputadora
_bc
_2rdamedia/spa
338 _arecurso en línea
_bcr
_2rdacarrier/spa
490 1 _aEón sociales
588 _aDescripción basada en metadatos suministrados por el editor y otras fuentes.
590 _aRecurso electrónico. Santa Fe, Arg.: elibro, 2020. Disponible vía World Wide Web. El acceso puede estar limitado para las bibliotecas afiliadas a elibro.
650 0 _aSchool violence
_zMexico.
650 0 _aBullying in schools.
650 4 _aEscuela.
650 4 _aViolencia.
650 4 _aAcoso.
651 4 _aMéxico.
655 4 _aLibros electrónicos.
700 1 _aCamargo González, Ignacio,
_eautor.
700 1 _aBorunda Escobedo, José Eduardo,
_eautor.
797 2 _ae-libro, Corp.
830 0 _aEón sociales.
856 4 0 _uhttps://elibro.net/ereader/politecnicointernacional/41112
999 _c118479
_d118479